LEADER 03646nam 22006492 450 001 9910457565003321 005 20151005020621.0 010 $a1-107-13007-7 010 $a1-280-41511-8 010 $a0-511-18123-X 010 $a0-511-11134-7 010 $a0-511-19783-7 010 $a0-511-30883-3 010 $a0-511-49772-5 010 $a0-511-11101-0 035 $a(CKB)1000000000353945 035 $a(EBL)228813 035 $a(OCoLC)252489680 035 $a(SSID)ssj0000204225 035 $a(PQKBManifestationID)11184613 035 $a(PQKBTitleCode)TC0000204225 035 $a(PQKBWorkID)10176190 035 $a(PQKB)11111959 035 $a(UkCbUP)CR9780511497728 035 $a(MiAaPQ)EBC228813 035 $a(Au-PeEL)EBL228813 035 $a(CaPaEBR)ebr10298170 035 $a(CaONFJC)MIL41511 035 $a(OCoLC)61345724 035 $a(EXLCZ)991000000000353945 100 $a20090309d2005|||| uy| 0 101 0 $aeng 135 $aur||||||||||| 181 $ctxt$2rdacontent 182 $cc$2rdamedia 183 $acr$2rdacarrier 200 10$aModern architectural theory $ea historical survey, 1673-1968 /$fHarry Francis Mallgrave$b[electronic resource] 210 1$aCambridge :$cCambridge University Press,$d2005. 215 $a1 online resource (xvii, 503 pages) $cdigital, PDF file(s) 300 $aTitle from publisher's bibliographic system (viewed on 05 Oct 2015). 311 $a0-521-13048-4 311 $a0-521-79306-8 320 $aIncludes bibliographical references (p. 417-481) and index. 327 $aPrelude -- The enlightenment and neoclassical theory -- British theory in the eighteenth century -- Neoclassicism and historicism -- The rise of German theory -- Competing directions at midcentury -- Historicism in the United States -- The arts and crafts movements -- Excursus on a few of the conceptual foundations of twentieth-century German modernism -- Modernism 1889-1914 -- European modernism 1917-1933 -- American modernism 1917-1934 -- Depression, war, and aftermath 1934-1958 -- Challenges to modernism in Europe 1959-1967 -- Challenges to modernism in America. 330 $aModern Architectural Theory is the first book to provide a comprehensive survey of architectural theory, primarily in Europe and the United States, during three centuries of development. In this synthetic overview, Harry Mallgrave examines architectural discourse within its social and political context. He explores the philosophical and conceptual evolution of its ideas, discusses the relation of theory to the practice of building, and, most importantly, considers the words of the architects themselves, as they contentiously shaped Western architecture. He also examines the compelling currents of French rationalist and British empiricist thought, radical reformation of the theory during the Enlightenment, the intellectual ambitions and historicist debates of the nineteenth century, and the distinctive varieties of modern theory in the twentieth century up to the profound social upheaval of the 1960s. Modern Architectural Theory challenges many assumptions about architectural modernism and uncovers many new dimensions of the debates about modernism. 606 $aArchitecture$xPhilosophy$xHistory 606 $aArchitecture, Modern 615 0$aArchitecture$xPhilosophy$xHistory. 615 0$aArchitecture, Modern. 676 $a720/.1 700 $aMallgrave$b Harry Francis$0521588 801 0$bUkCbUP 801 1$bUkCbUP 906 $aBOOK 912 $a9910457565003321 996 $aModern architectural theory$92463670 997 $aUNINA LEADER 01140nam 2200349 n 450 001 996386020503316 005 20221102113919.0 035 $a(CKB)1000000000607322 035 $a(EEBO)2240949219 035 $a(UnM)99834612 035 $a(UnM)9928587300971 035 $a(EXLCZ)991000000000607322 100 $a19970507d1673 uy | 101 0 $aeng 135 $aurbn||||a|bb| 200 05$a[The book of the general laws for the people within the jvrisdiction of Connecticut.]$b[electronic resource] 210 $a[Cambridge (Mass.) $cby Samuel Green$d1673] 215 $a70 p 300 $aTitle information from Wing CD-ROM. 300 $aReproduction of the original in the Harvard Law School Library. 330 $aeebo-0061 606 $aLaw$zUnited States$vEarly works to 1800 606 $aCustomary law$vEarly works to 1800 615 0$aLaw 615 0$aCustomary law 801 0$bCu-RivES 801 1$bCu-RivES 801 2$bWaOLN 906 $aBOOK 912 $a996386020503316 996 $aThe book of the general laws for the people within the jvrisdiction of Connecticut.$92419780 997 $aUNISA LEADER 01834nas 2200529-a 450 001 9910339569403321 005 20241221110051.0 035 $a(CKB)954921351312 035 $a(CONSER)---92643059- 035 $a(MiFhGG)4302 035 $a(EXLCZ)99954921351312 100 $a20790119b19652000 --- - 101 0 $aeng 181 $ctxt$2rdacontent 182 $cc$2rdamedia 183 $acr$2rdacarrier 200 10$aManagement accounting $ejournal of the Institute of Cost and Works Accountants 210 $aLondon $cThe Institute$d1965-©2000 215 $a1 online resource 300 $aRefereed/Peer-reviewed 300 $aTitle from cover. 300 $aIssues for incorporate CIMA student. 311 08$aPrint version: Management accounting (London, England) (DLC) 92643059 (OCoLC)4567633 0025-1682 531 $aMANAGEMENT ACCOUNTING 531 $aMANAGEMENT ACCOUNTING (BRITISH) 531 0 $aManage. account. 606 $aManagerial accounting$vPeriodicals 606 $aCost accounting$vPeriodicals 606 $aCost accounting$2fast$3(OCoLC)fst00880661 606 $aManagerial accounting$2fast$3(OCoLC)fst01007320 606 $aManagement accounting$2gtt 608 $aPeriodicals.$2fast 608 $aPeriodicals.$2lcgft 615 0$aManagerial accounting 615 0$aCost accounting 615 7$aCost accounting. 615 7$aManagerial accounting. 615 17$aManagement accounting. 676 $a657.405 712 02$aInstitute of Cost and Works Accountants (Great Britain) 712 02$aInstitute of Cost and Management Accountants. 712 02$aChartered Institute of Management Accountants. 906 $aJOURNAL 912 $a9910339569403321 920 $aexl_impl conversion 996 $aManagement accounting$9791827 997 $aUNINA